000
00273nmm a2200097Ia 4500
008
220120s9999||||xx |||||||||||||||||und||
020
_a
81-203-1998-2
100
_a
CHIP magazine
245
0
_a
Chip-OCT : Power tools, redhat, full games & demos, full sof
260
_b
New Delhi
999
_c
139704
_d
139704